书目信息 |
| 题名: |
C#语言程序设计百问百例
|
|
| 作者: | 匡松 主编 ;张淮鑫 副主编 | |
| 分册: | ||
| 出版信息: | 北京 中国铁道出版社 2009.01 |
|
| 页数: | 373页 | |
| 开本: | 26cm | |
| 丛书名: | 百问百例系列 | |
| 单 册: | ||
| 中图分类: | TP312C | |
| 科图分类: | ||
| 主题词: | C语言--程序设计 | |
| 电子资源: | ||
| ISBN: | 978-7-113-09352-5 | |
| 000 | 00941nam 2200265 450 | |
| 001 | K8372910 | |
| 005 | 20101123155631.51 | |
| 010 | @a978-7-113-09352-5@dCNY45.00 | |
| 100 | @a20101129d2009 ekmy0chiy0121 ea | |
| 101 | 0 | @achi |
| 102 | @aCN@b110000 | |
| 105 | @ay z 000yy | |
| 200 | 1 | @aC#语言程序设计百问百例@AC#yu yan cheng xu she ji bai wen bai li@f匡松主编@g张淮鑫 … [等] 副主编 |
| 210 | @a北京@c中国铁道出版社@d2009.01 | |
| 215 | @a373页@d26cm | |
| 225 | 2 | @a百问百例系列 |
| 304 | @a本书副主编还有:罗琴,夏学梅,王兵,周永 | |
| 330 | @a本书以问题解答(百问)和案例分析(百例)的独特形式,介绍了C语言的基本语法、程序的结构和设计方法。全书共分为15章,内容丰富,系统全面,适合C程序设计爱好者自学和参考。 | |
| 410 | 0 | @12001 @a百问百例系列 |
| 606 | 0 | @aC语言@x程序设计 |
| 690 | @aTP312C@v4 | |
| 701 | 0 | @a匡松@Akuang song@4主编 |
| 702 | 0 | @a张淮鑫@Azhang huai xin@4副主编 |
| 801 | 0 | @aCN@c20101129 |
| 905 | @dTP312C@eK914-2 | |
| C#语言程序设计百问百例/匡松主编/张淮鑫 … [等] 副主编.-北京:中国铁道出版社,2009.01 |
| 373页;26cm.-(百问百例系列) |
| ISBN 978-7-113-09352-5:CNY45.00 |
| 本书以问题解答(百问)和案例分析(百例)的独特形式,介绍了C语言的基本语法、程序的结构和设计方法。全书共分为15章,内容丰富,系统全面,适合C程序设计爱好者自学和参考。 |
| ● |
| 相关链接 |
|
|
|
正题名:C#语言程序设计百问百例
索取号:TP312C/K914-2
 
预约/预借
| 序号 | 登录号 | 条形码 | 馆藏地/架位号 | 状态 | 备注 |
| 1 | 1034903 | 210349032 | 自科二线404/301自科库 78排2列4层/ [索取号:TP312C/K914-2] | 在馆 | |
| 2 | 1034904 | 210349041 | 自科二线504/504自科库 3排4列2层/ [索取号:TP312C/K914-2] | 在馆 | |
| 3 | 1034905 | 210349050 | 自科库301/301自科库 78排2列4层/ [索取号:TP312C/K914-2] | 在馆 | |
| 4 | 1034906 | 210349069 | 自科二线504/504自科库 3排4列2层/ [索取号:TP312C/K914-2] | 在馆 | |
| 5 | 1034907 | 210349078 | 自科库301/301自科库 54排2列4层/ [索取号:TP312C/K914-2] | 在馆 |